000 00547nam a22001937a 4500
003 OSt
005 20151202190536.0
008 151202b xxu||||| |||| 00| 0 eng d
020 _a0684836319
040 _cDDC.
082 _a370.1DEW 1944.
100 _aDewey John;
_96461
245 _aDemocracy and Education.
_bAn Introduction to the Philosophy of Education.
260 _aNew York.
_bThe free Press,
_c1944.
300 _avi,378p;
_bill;
_c22cm
504 _aincludes index.
650 _aPhilosophy of Education.
_96462
942 _2ddc
_cSLOAN
999 _c2793
_d2793